000 00361nam a2200157Ia 4500
003 OSt
005 20231108061836.0
008 170523s9999 xx 000 0 und d
020 _a8125911650
040 _cIIMT UNIVERSITY
100 _aLEON- ALEXIS
245 0 _aDATABASE MANAGEMENT SYSTEM
260 _bVikas Publication
260 _c2004
942 _2ddc
_c02
999 _c1152
_d1152